000 02546cam a2200289 4500500
005 20251228050016.0
041 _afre
042 _adc
100 1 0 _aTouboul, Patricia
_eauthor
245 0 0 _aLes enjeux esthétiques de la Réfutation du système du Père Malebranche sur la nature et la grâce de Fénelon
260 _c2004.
500 _a72
520 _aÀ la demande de Bossuet, qui voyait à travers l’idée d’ordre qui guide l’acte créateur de Dieu dans la métaphysique de Malebranche l’expression d’une forme de fatalisme, Fénelon entreprend de dénoncer à la lumière de la vérité de l’Écriture les erreurs de ce système. Théologique et apologétique dans son intention première, la critique semble toutefois recourir à des arguments esthétiques pour défendre l’idée d’une absolue liberté de Dieu. Tout en montrant que Dieu n’est pas un artisan, soumis à une nécessité inflexible, ni le monde une machine imparfaite, Fénelon poursuivrait sa propre réflexion esthétique, et prolongerait, notamment à partir des notions de simplicité et de sublimité, l’argumentation des Dialogues sur l’éloquence..., tout en anticipant celle qui sera exposée dans la Lettre à l’Académie.
520 _aBossuet saw the idea of anorder which would serve as a model for God’s creative act as the expression of a form of fatalism. At his request Fénelon sets out, in the light of Scripture’s truth, to incriminate the errors of such a system. Even if his critique is primarily intended as a theological and apologetical one, its seems nevertheless to resort to aesthetical arguments in order to defend the idea of an absolute freedom in God. Fénelon shows both that God is not an artisan, and that the world is not some imperfect machinery. In the same time, he is elaborating on his own aesthetic ideas and developing, through the ideas of simplicity and sublimity, the arguments put forth in his Dialogues on Eloquence, as well as anticipitating those which would appear in his Letter to the Academy.
690 _aBeauté du monde
690 _aCréation
690 _aLiberté divine
690 _aOrdre
690 _aSimplicité
690 _aBeautifulness of the world
690 _aCreation
690 _aDivine freedom
690 _aOrder
690 _aSimplicity
786 0 _nArchives de philosophie | 67 | 1 | 2004-03-01 | p. 113-129 | 0003-9632
856 4 1 _uhttps://shs.cairn.info/revue-archives-de-philosophie-2004-1-page-113?lang=fr&redirect-ssocas=7080
999 _c1579591
_d1579591